Shellfish : a guide to oysters, mussels, scallops, clams and similar products for the commercial user

Bibliographic Details
Main Author: Dore, Ian
Format: Book
Published: New York : Van Nostrand Reinhold , 1991
Subjects:

MARC

LEADER 00000cam a2200000 7i4500
001 0000000154
002 000000213
005 20000330.0
020 |a 0442002033 
090 0 0 |a 664.94   |b DOR 
100 1 |a Dore, Ian 
245 1 0 |a Shellfish :   |b a guide to oysters, mussels, scallops, clams and similar products for the commercial user   |c Ian Dore 
260 |a New York :   |b Van Nostrand Reinhold ,   |c 1991 
300 |a 240p. ;   |c 27cm. 
650 0 0 |a Shelfish 
999 |a 027480   |b BUKU   |c PINJAMAN   |e PERPUSTAKAAN KOMUNITI PETALING JAYA